000 00583nam a2200217Ia 4500
003 OSt
005 20221005101720.0
006 a|||||r|||| 00| 0
007 ta
008 221004b |||||||| |||| 00| 0 mal d
024 _a55205
037 _cTextual
040 _aCRL
_cCRL
_bmal
041 _2mal
_amal
082 _aO32,1M71w, L3
245 0 _aOrmakalile asan
260 _aTrivandrum
_bKumaran asan memorial managing committee India
_c1973
650 _aMALAYALAM POETRY
_9185636
942 _hO32,1M71w, L3
_cTEXL
_2cc
999 _c1007277
_d1007277